| 000 | 00662nam a2200253Ia 4500 | ||
|---|---|---|---|
| 001 | 22786 | ||
| 005 | 20240114000654.0 | ||
| 007 | ta | ||
| 008 | 060321s1939 a g b000 u 465 u | ||
| 020 | _cPB | ||
| 040 | _aCotton College,Assam | ||
| 041 | _a465 | ||
| 082 |
_a822.33 _bSh 15 R |
||
| 100 | _aShakespeare, William . | ||
| 245 | 0 |
_aRichard II / _cWilliam Shakespeare. _hTextual Documents |
|
| 250 | _a1st ed. / | ||
| 260 |
_aOxford : _bAt the Clarendon Press , _c1939. |
||
| 300 |
_a206p. : _bill ; _c17cm . |
||
| 653 | _aEnglish drama-Shakespeare | ||
| 653 | _aG-English | ||
| 942 |
_2ddc _cBK |
||
| 999 |
_c22768 _d22768 |
||